000 00928cam a2200229 4500
001 X121587
008 030311n2003 000 0 eng u
035 _a(Sirsi) u121587
100 _aEl Behi, A.
245 _aAnalysis of the Tunisian arbitation code
260 _c2003
490 _aInternational Business Lawyer
_v31(2) February 2003, 25-29(3)
520 _aDiscusses the Tunisian Arbitration Code and gives an overview of how the Tunisian legislator set up the arbitration rules via the (1) arbitration convention, (2) the constitution of the arbitral tribunal, (3) the arbitral proceedings and (4) recourse against the award. Tunisia is currently in the process of amending the code.
590 _aABS
650 _aTUNISIA
650 _aARBITRATION LAW
650 _aARBITRATION PROCEDURES
650 _aTRIBUNALS
650 _aDISPUTE RESOLUTION
_96236
690 _aDispute resolution
_96236
942 _n0
999 _c72277
_d72277